| 000 | 00710nam a22002057a 4500 | ||
|---|---|---|---|
| 999 |
_c75622 _d75622 |
||
| 005 | 20210325214040.0 | ||
| 008 | s2013 eng d | ||
| 040 | _a์ฤศธ | ||
| 041 | _aeng | ||
| 050 |
_aDS 450.T5 _bT47P 2013 |
||
| 100 | 1 |
_aThera, P. Amara _922441 |
|
| 245 | 1 | 4 |
_aThe political and cultural relationship between India and Thailand / _cby P. Amara Thera. |
| 260 |
_aBangkok : _bSahadhammika, _c2013. |
||
| 300 |
_a511 p. : _bill., maps ; _c27 cm. |
||
| 651 | 0 |
_922442 _aIndia _xForeign relations _zThailand |
|
| 651 | 0 |
_922443 _aThailand _xForeign relations _zIndia |
|
| 850 | _aNALT | ||
| 942 |
_cGB _2lcc |
||